|
|
|
|
| LEADER |
01355nam a2200349Ia 4500 |
| 001 |
EBC272322 |
| 003 |
MiAaPQ |
| 005 |
20200520144314.0 |
| 006 |
m o d | |
| 007 |
cr cn||||||||| |
| 008 |
990218s2000 enka sb 001 0 eng d |
| 010 |
|
|
|z 99014340
|
| 020 |
|
|
|z 9780195123012
|
| 020 |
|
|
|z 0195123018 (alk. paper)
|
| 035 |
|
|
|a (MiAaPQ)EBC272322
|
| 035 |
|
|
|a (Au-PeEL)EBL272322
|
| 035 |
|
|
|a (CaPaEBR)ebr10278398
|
| 035 |
|
|
|a (CaONFJC)MIL53008
|
| 035 |
|
|
|a (OCoLC)935260572
|
| 040 |
|
|
|a MiAaPQ
|c MiAaPQ
|d MiAaPQ
|
| 050 |
|
4 |
|a HD2757.2
|b .G45 2000
|
| 100 |
1 |
|
|a Geisst, Charles R.
|
| 245 |
1 |
0 |
|a Monopolies in America
|h [electronic resource] :
|b empire builders and their enemies from Jay Gould to Bill Gates /
|c Charles R. Geisst.
|
| 260 |
|
|
|a Oxford ;
|a New York :
|b Oxford University Press,
|c 2000.
|
| 300 |
|
|
|a x, 355 p. :
|b ill.
|
| 504 |
|
|
|a Includes bibliographical references (p. 333-339) and index.
|
| 533 |
|
|
|a Electronic reproduction. Ann Arbor, MI : ProQuest, 2015. Available via World Wide Web. Access may be limited to ProQuest affiliated libraries.
|
| 650 |
|
0 |
|a Monopolies
|z United States
|x History.
|
| 650 |
|
0 |
|a Big business
|z United States
|x History.
|
| 655 |
|
4 |
|a Electronic books.
|
| 710 |
2 |
|
|a ProQuest (Firm)
|
| 856 |
4 |
0 |
|u https://ebookcentral.proquest.com/lib/matrademy/detail.action?docID=272322
|z Click to View
|